NFL Top 100 Players of 2019 - Statistics

General Stats
  • This quiz has been taken 5 times
  • The average score is 17 of 100
Answer Stats
Spot Pos. Player % Correct
8 QB Aaron Rodgers
75%
6 QB Tom Brady
75%
1 DT Aaron Donald
50%
15 LB Bobby Wagner
50%
42 RB Christian McCaffrey
50%
2 QB Drew Brees
50%
30 S Eddie Jackson
50%
62 RB James Conner
50%
12 DE J. J. Watt
50%
4 QB Patrick Mahomes
50%
93 LB T. J. Watt
50%
58 WR A. J. Green
25%
14 RB Alvin Kamara
25%
64 WR Amari Cooper
25%
50 QB Baker Mayfield
25%
44 QB Ben Roethlisberger
25%
97 CB Byron Jones
25%
87 QB Cam Newton
25%
96 QB Carson Wentz
25%
36 DT Chris Jones
25%
35 WR Davante Adams
25%
11 WR DeAndre Hopkins
25%
99 RB Derrick Henry
25%
31 S Derwin James
25%
51 QB Deshaun Watson
25%
18 RB Ezekiel Elliott
25%
83 S Harrison Smith
25%
27 CB Jalen Ramsey
25%
37 S Jamal Adams
25%
32 QB Jared Goff
25%
72 C Jason Kelce
25%
61 LB Jaylon Smith
25%
56 DE Joey Bosa
25%
47 WR JuJu Smith-Schuster
25%
9 WR Julio Jones
25%
38 WR Keenan Allen
25%
3 LB Khalil Mack
25%
78 QB Kirk Cousins
25%
69 QB Matt Ryan
25%
13 WR Michael Thomas
25%
53 WR Mike Evans
25%
23 WR Odell Beckham Jr.
25%
17 QB Philip Rivers
25%
25 QB Russell Wilson
25%
16 RB Saquon Barkley
25%
5 RB Todd Gurley
25%
21 TE Travis Kelce
25%
81 OT Trent Williams
25%
98 WR Tyler Lockett
25%
19 WR Tyreek Hill
25%
52 OT Tyron Smith
25%
10 LB Von Miller
25%
59 OG Zack Martin
25%
33 WR Adam Thielen
0%
39 DE Akiem Hicks
0%
20 QB Andrew Luck
0%
91 OT Andrew Whitworth
0%
7 WR Antonio Brown
0%
82 LB Bradley Chubb
0%
54 DE Calais Campbell
0%
88 DE Cameron Heyward
0%
41 DE Cameron Jordan
0%
71 LB C. J. Mosley
0%
57 DE Danielle Hunter
0%
86 CB Darius Slay
0%
43 OT David Bakhtiari
0%
67 DE Dee Ford
0%
45 DE DeMarcus Lawrence
0%
89 S Devin McCourty
0%
66 TE Eric Ebron
0%
100 S Eric Weddle
0%
28 DT Fletcher Cox
0%
85 DE Frank Clark
0%
79 DT Geno Atkins
0%
29 TE George Kittle
0%
75 DT Gerald McCoy
0%
63 LB Jadeveon Clowney
0%
84 WR Jarvis Landry
0%
65 LB Jason Pierre-Paul
0%
90 WR Julian Edelman
0%
92 DE Jurrell Casey
0%
95 CB Kyle Fuller
0%
60 WR Larry Fitzgerald
0%
74 LB Leighton Vander Esch
0%
24 LB Luke Kuechly
0%
80 RB Mark Ingram II
0%
34 RB Melvin Gordon
0%
48 DE Melvin Ingram
0%
94 OT Mitchell Schwartz
0%
49 DE Myles Garrett
0%
46 CB Patrick Peterson
0%
68 RB Phillip Lindsay
0%
76 WR Robert Woods
0%
26 LB Shaquille Leonard
0%
73 WR Stefon Diggs
0%
22 CB Stephon Gilmore
0%
77 OT Taylor Lewan
0%
70 WR T. Y. Hilton
0%
55 CB Xavien Howard
0%
40 TE Zach Ertz
0%
No matching quizzes found
Score Distribution
Percent of People with Each Score
Percentile by Number Answered
Your Score History
You have not taken this quiz